| 000 | 00954cab a2200217 4500 | ||
|---|---|---|---|
| 001 | ABS37626 | ||
| 008 | 090401t1986 xxu||||| |||| 00| 0 eng d | ||
| 035 | _a(Sirsi) u5680 | ||
| 041 | _aeng | ||
| 100 | _aRose, E.A. | ||
| 245 | _aUrban development grants | ||
| 260 | _c1986 | ||
| 350 | _a0 | ||
| 490 |
_aTown Planning Review _v57(4) 1986, 440-457(18) |
||
| 520 | _aThis comparative review examines the ideological, practical and interactive nature of development grant programmes in the UK and USA. The UK Urban Development Grant programme is relatively new, very small in scale and marginal in effects compared with the US Urban Development Action Grant programme. Other important differences are noted. Concludes by drawing lessons for both UK and US urban policy . (Taken from Journal Abstract). References. | ||
| 650 | _aINNER CITIES | ||
| 650 | _aUNITED STATES | ||
| 690 | _aPLANNING LAW AND PRACTICE | ||
| 942 | _n0 | ||
| 948 | _c04/03/1997 | ||
| 999 |
_c3389 _d3389 |
||